000 00769nam a2200265Ia 4500
003 OSt
005 20220927103321.0
006 a|||||r|||| 00| 0
007 ta
008 220926b |||||||| |||| 00| 0 eng d
024 _a82414
037 _cReference Collections
040 _aRTL
_cRTL
_beng
041 _2eng
_aeng
082 _a"XM,9(D2).1-1.N6, K4/UN"
110 _aInternational Labour Office
245 0 _aHousing co-operative
260 _aGeneva
_bILO
_c1964
300 _a"vii,154p"
_ccm.
490 _a"Its Studies and Report, New Series 66"
650 _aCooperative Economics
_9356453
700 _aInternational Labour Office
942 _h"XM,9(D2).1-1.N6, K4/UN"
_cCC
999 _c682478
_d682478